Normal view
MARC view
Entry Topical Term
001 - CONTROL NUMBER
- control field: 7290
003 - CONTROL NUMBER IDENTIFIER
- control field: BD-RjUL
005 - DATE AND TIME OF LATEST TRANSACTION
- control field: 20230406131410.0
008 - FIXED-LENGTH DATA ELEMENTS
- fixed length control field: 230406|| aca||aabn | a|a d
040 ## - CATALOGING SOURCE
- Original cataloging agency: BD-RjUL
- Transcribing agency: BD-RjUL
150 ## - HEADING--TOPICAL TERM
- Topical term or geographic name entry element: Children Youth
670 ## - SOURCE DATA FOUND
- Source citation: Work cat.: (BD-RjUL)81330: زبير، هلال احمر Zubairy, Hilal Ahmad 7289, پيارى بيٹوں، پيارى بيٹى : بيٹوں، بيٹيوں کے نام باپوں کے خط / Piyārī beṭon̲, piyārī beṭī : beṭon̲, beṭi /yon̲ ke nām bāpon̲ ke k̲h̲at̤